000 02512nam0a2200409 4500
001 RU\NLR\BIBL_A\011468454
005 20250626072752.0
020 _aRU
_b6757
_9Сводный каталог листовок первых лет Советской власти (25 октября (7 ноября) 1917 - 1925) Т.4 (Ч.1). Листовки советских, партийных, профсоюзных, комсомольских и других организаций губерний РСФСР
035 _a(NLR Aleph) 011468454
090 _a11841890
_c11841890
100 _a20170908d1920 |||y0rusy50 ca
101 0 _arus
102 _aRU
105 _ay z 000zy
135 _acrgn 008apada
200 1 _aПриказ Владимирского уездного комиссариата по военным делам № 27: [О регистрации охотничьих винтовок и ружей до 13 февр. 1920 г
_eлистовка]
210 _a[Владимир]
_cТип. Влад. губ. исполкома
_d[1920, февр.]
215 _a1 с.
_d20х14
300 _aПодписи: военный комиссар Щукин; начальник отдела снабжения Степанов; делопроизводитель по артиллерийско-инженерной части Чижов
325 1 _aКопия доступна в Электронной библиотеке РНБ
517 1 _aО регистрации охотничьих винтовок и ружей до 13 февр. 1920 г
607 _aРСФСР
_jЛистовки
_xПолитика и управление
_y1917 - 1925
_92312782
_3RU\NLR\auth\6601609564
686 0 _aТ3(2)71-313,011
686 1 _aЦ35(2)712,011
702 1 _4720
_7ca
_8rus
_aЩукин
_cучастник установления советской власти, г. Владимир
_9181502
_3RU\NLR\AUTH\770181553
702 1 _aСтепанов
_4720
702 1 _aЧижов
_4720
710 0 2 _aВладимирский уездный комиссариат по военным делам
_9575114
_3RU\NLR\AUTH\880455900
852 0 0 _aNLR
_bФЛ
_j20/87
942 _cBOOK
980 _aNB
981 2 1 _a(21) Листовки
_b(21) Листовки 1920 года